1842 1581 1616 1852 1320 1127 1406 1111 1652 1431 1338 1366 1882 1611 1398 1196 1780 1440 1915 1513 1201 1181 1397 1218 1783 1810 1531 1277 1722 1141 1386 1360 1115 1562 1091 1264 1716 1901 1739 1161 1769 1641 1146 1713 1806 1989 1192 1358 1147 1337 1996 1531 1047 1824 1550 1307 1956 1619 1867 1972 1187 1865 1307 1687 1143 1694 1626 1851 1656 1459 1660 1526 1714 1719 1477 1252 1649 1043 1339 1411 1754 1623 1330 1051 1148 1192 1276 1424 1863 1569 1833 1004 1938 1438 1777 1760 1955 1910 1857 BCNSPRNW ULIB Ver.6.0+V

เปลี่ยนเป็นภาษาไทย

Change to English
 แสดงรายละเอียดบรรณานุกรม
  กลับหน้าหลัก

Brief Record : Get Marc (ISO 2709) : E-mail record : QR code < ปิดหน้าต่าง
LEADER : 00000nam 2200000uu 4500
001    13399121729
003     ULIB
008    121203s2550||||th 000 0 tha d
020    ^a9789740923244
060 04 ^aWC100^bจ631ร
110 1  สมาคมกุมารแพทย์แห่งประเทศไทย
245 00 ^aโรคติดเชื้อที่ป้องกันได้ด้วยวัคซีน /^cสมาคมกุมารแพทย์แห่งประเทศไทย ; บรรณาธิการ, จุฑารัตน์ เมฆมัลลิกา ... [และคนอื่นๆ]
250    ^aพิมพ์ครั้งที่ 1
260    ^aกรุงเทพฯ :^bธนาเพลส,^cc2550
300    ^avi, 291 หน้า :^bภาพประกอบ ;^c26 ซม.
504    ^aมีบรรณานุกรมและดัชนี
650  7 ^aโรคติดต่อ^xการป้องกันและควบคุม
650  7 ^aวัคซีน
700 0  ^aจุฑารัตน์ เมฆมัลลิกา,^eบรรณาธิการ
710 2  ^aสมาคมกุมารแพทย์แห่งประเทศไทย
945    ^p290^l0^i15070
995    ^aทศพร
999    ^aกัณชพร
รายการนี้ยังไม่มีแท็ก
คุณยังไม่ได้ล็อกอิน คุณสามารถมีกิจกรรมร่วมกับเว็บไซต์ได้ แต่ต้องล็อกอินก่อน ::
  ล็อกอิน

รายการสื่อสารสนเทศ

ลำดับที่ ประเภท เลขเรียก/บาร์โค้ด สถานที่ สถานะ
1. วิทยาศาสตร์การแพทย์ และสุขภาพ
วิทยาศาสตร์การแพทย์ และสุขภาพ
WC100 จ631ร ฉ.1 
  Barcode: 15070
ห้องสมุดวิทยาเขตสวรรค์ประชารักษ์
►ส่วนจัดเก็บหนังสือเก่า สปร
บนชั้น
  ขอยืม

รายการใกล้เคียง
    หัวเรื่อง [วัคซีน]

BibComment


ยังไม่เคยถูกคอมเมนท์

คอมเมนท์ทรัพยากรรายการนี้
  คอมเมนท์: โรคติดเชื้อที่ป้..


 Copyright 2026. Bcnsprnw @Library